000
00212nam a2200097Ia 4500
008
131103s9999 xx 000 0 und d
040
_a
Loreto College
041
_a
English
245
_a
In time of war
942
_c
BK
999
_c
8819
_d
59298